000 00280nam a2200109Ia 4500
008 200302s9999 xx 000 0 und d
100 _aKate Hensler Fogarty
245 _aHealth Clubs Architecture & Design
260 _bP B C International Inc.
260 _c1998
300 _a175 P.,
999 _c5120
_d5120